1100 1643 1985 1815 1362 1609 1913 1111 1942 1784 1951 1280 1489 1213 1564 1361 1382 1721 1730 1816 1840 1643 1204 1896 1250 1782 1019 1355 1605 1092 1533 1833 1457 1282 1089 1280 1521 1680 1677 1871 1256 1129 1714 1785 1053 1487 1330 1501 1873 1975 1881 1891 1177 1127 1146 1783 1650 1678 1396 1682 1340 1035 1487 1458 1320 1322 1687 1602 1784 1719 1728 1332 1414 1741 1473 1260 1591 1483 1832 1438 1373 1353 1974 1925 1685 1687 1145 1790 1029 1369 1953 1316 1925 1621 1740 1909 1820 1172 1216 BCNSPRNW ULIB Ver.6.0+V

เปลี่ยนเป็นภาษาไทย

Change to English
 แสดงรายละเอียดบรรณานุกรม
  กลับหน้าหลัก

Brief Record : Get Marc (ISO 2709) : E-mail record : QR code < ปิดหน้าต่าง
LEADER : 00000nam 2200000uu 4500
001    13399123006
003     ULIB
008    131128s2555||||th 000 0 tha d
020    ^a9786162142451
090    ^aนว.^bพ656พ ล.5
100    ^aพนมเทียน
245    ^aเพชรพระอุมา : ดงมรณะ ล.1 /^cพนมเทียน
250    ^a พิมพ์ครั้งที่ 5
260    ^aกรุงเทพฯ :^bณ บ้านวรรณกรรม,^c2555
300    ^a417 หน้า
945    ^p225^l0^i034209
999    ^aเกษร โพธิ์สุวรรณ
รายการนี้ยังไม่มีแท็ก
คุณยังไม่ได้ล็อกอิน คุณสามารถมีกิจกรรมร่วมกับเว็บไซต์ได้ แต่ต้องล็อกอินก่อน ::
  ล็อกอิน

รายการสื่อสารสนเทศ

ลำดับที่ ประเภท เลขเรียก/บาร์โค้ด สถานที่ สถานะ
1. นวนิยาย
นวนิยาย
นว. พ656พ ล.5  
  Barcode: 034209
ห้องสมุดวิทยาเขตสวรรค์ประชารักษ์
►นวนิยาย
บนชั้น
  ขอยืม

รายการใกล้เคียง
    ผู้แต่ง [พนมเทียน]

BibComment


ยังไม่เคยถูกคอมเมนท์

คอมเมนท์ทรัพยากรรายการนี้
  คอมเมนท์: เพชรพระอุมา ดงม..


 Copyright 2026. Bcnsprnw @Library